[Event "Mecklenburg VP-ch U14"]
[Site "Malchow"]
[Date "2019.02.06"]
[Round "7.10"]
[White "Decker, Nils1"]
[Black "Fromm, Robert"]
[Result "0-1"]
[WhiteElo "996"]
[BlackElo "1038"]
[PlyCount "100"]
[EventDate "2019.02.02"]
[EventType "swiss"]
[EventRounds "7"]
[EventCountry "GER"]
[SourceTitle "EXT 2022"]
[Source "ChessBase"]
[SourceDate "2021.10.06"]
[SourceVersion "1"]
[SourceVersionDate "2021.10.06"]
[SourceQuality "1"]

1. e4 e5 2. Nf3 Nc6 3. Bb5 Bc5 4. 0-0 d6 5. d3 Bg4 6. h3 Bh5 7. Nc3 a6 8. Ba4 Nge7 9. Nd5 0-0 10. Be3 Nd4 11. Bxd4 Bxd4 12. c3 Ba7 13. Bb3 c6 14. Ne3 Kh8 15. g4 Bg6 16. Nf5 f6 17. N3h4 Bf7 18. Qd2 g5 19. Nf3 Bxb3 20. axb3 Nxf5 21. gxf5 Rg8 22. Rfe1 Rg7 23. Kf1 Qg8 24. Ke2 g4 25. hxg4 Rxg4 26. Rh1 Rg2 27. Nh4 Rxf2+ 28. Kd1 Rxd2+ 29. Kxd2 Qg5+ 30. Kc2 Rg8 31. Rh2 Kg7 32. Nf3 Qf4 33. Rah1 Qxf3 34. Rxh7+ Kf8 35. R1h2 Rg2+ 36. Rxg2 Qxg2+ 37. Kb1 Qf1+ 38. Ka2 Qxd3 39. Rxb7 Bc5 40. Rb8+ Ke7 41. Rb7+ Kd8 42. Rb8+ Kc7 43. Rh8 Qxe4 44. Rh7+ Kd8 45. Rh8+ Ke7 46. Rh7+ Kf8 47. Rh8+ Kg7 48. Ra8 Qxf5 49. Rxa6 Qc8 50. Ra4 f5 0-1

[Event "Mecklenburg VP-ch U14"]
[Site "Malchow"]
[Date "2019.02.03"]
[Round "3.9"]
[White "Fromm, Robert"]
[Black "Kraemer, Bruno"]
[Result "1-0"]
[WhiteElo "1038"]
[BlackElo "870"]
[PlyCount "115"]
[EventDate "2019.02.02"]
[EventType "swiss"]
[EventRounds "7"]
[EventCountry "GER"]
[SourceTitle "EXT 2022"]
[Source "ChessBase"]
[SourceDate "2021.10.06"]
[SourceVersion "1"]
[SourceVersionDate "2021.10.06"]
[SourceQuality "1"]

1. e4 e5 2. Nf3 Nc6 3. Bc4 Nf6 4. Nc3 Bc5 5. d3 d6 6. h3 Be6 7. Bg5 Qd7 8. Nd5 Bxd5 9. Bxd5 Nxd5 10. exd5 Nd4 11. Nxd4 Bxd4 12. c3 Bb6 13. 0-0 f6 14. Be3 Bxe3 15. fxe3 0-0-0 16. b4 b5 17. a4 Kb7 18. axb5 Qxb5 19. Ra5 Qd7 20. Qa1 Ra8 21. c4 a6 22. e4 g5 23. c5 dxc5 24. bxc5 c6 25. d6 Rhb8 26. Rb1+ Kc8 27. Rxb8+ Rxb8 28. Rxa6 Qb7 29. Rb6 Qa8 30. Rxb8+ Qxb8 31. Qa6+ Qb7 32. Qxb7+ Kxb7 33. Kf2 h5 34. Kg3 Kc8 35. Kf3 Kd7 36. g3 Ke6 37. h4 g4+ 38. Ke3 Kd7 39. Kd2 Kc8 40. Kc3 Kb7 41. Kb4 Kc8 42. Ka5 Kb7 43. Kb4 Kc8 44. Kc4 Kd7 45. d4 Ke6 46. d5+ cxd5+ 47. exd5+ Kd7 48. Kd3 f5 49. Ke3 Kd8 50. c6 Kc8 51. d7+ Kc7 52. d6+ Kd8 53. c7+ Kxd7 54. Kd3 e4+ 55. Ke3 f4+ 56. Kxf4 e3 57. Kxe3 Kxd6 58. c8Q 1-0